The struggle for Zimbabwe 1935-2004 : (Record no. 131461)

MARC details
000 -LEADER
fixed length control field 00642pam a2200205 i 4500
008 - FIXED-LENGTH DATA ELEMENTS--GENERAL INFORMATION
fixed length control field
049 ## - LOCAL HOLDINGS (OCLC)
Holding library MAIN
090 ## - LOCALLY ASSIGNED LC-TYPE CALL NUMBER (OCLC); LOCAL CALL NUMBER (RLIN)
Classification number (OCLC) (R) ; Classification number, CALL (RLIN) (NR) DS371.2
Local cutter number (OCLC) ; Book number/undivided call number, CALL (RLIN) ZVO
003 - CONTROL NUMBER IDENTIFIER
control field
005 - DATE AND TIME OF LATEST TRANSACTION
control field 20230123122318.0
040 ## - CATALOGING SOURCE
Transcribing agency NUST
100 1# - MAIN ENTRY--PERSONAL NAME
Personal name Zvobgo, Chengetai J.M.
245 14 - TITLE STATEMENT
Title The struggle for Zimbabwe 1935-2004 :
Remainder of title Eddison J.M. Zvobgo /
Statement of responsibility, etc. Chengetai J.M. Zvobgo.
260 ## - PUBLICATION, DISTRIBUTION, ETC.
Place of publication, distribution, etc. Gweru
Name of publisher, distributor, etc. Mambo Press,
Date of publication, distribution, etc. 2017.
300 ## - PHYSICAL DESCRIPTION
Extent vi, 105 p. :
Other physical details ill ;
Dimensions 18 cm
504 ## - BIBLIOGRAPHY, ETC. NOTE
Bibliography, etc. note Includes bibliographical references.
650 #0 - SUBJECT ADDED ENTRY--TOPICAL TERM
Topical term or geographic name entry element Zimbabwe
General subdivision Politics and government.
907 ## - LOCAL DATA ELEMENT G, LDG (RLIN)
a .b10386452
b 14-02-18
c 25-10-17
942 ## - ADDED ENTRY ELEMENTS (KOHA)
Koha item type Ordinary Loan Books
Call number prefix DS371.2
Call number suffix ZVO
Holdings
Date last seen Total Checkouts Full call number Barcode Cost, replacement price Price effective from Koha item type Lost status Source of classification or shelving scheme Damaged status Not for loan Collection Withdrawn status Home library Current library Shelving location Date acquired Cost, normal purchase price
01/23/2023   DS371.2 ZVO 92004043977 80.00 01/23/2023 BOOKS   LCC     NFIC   MAIN MAIN GEN 01/23/2023 80.00